Bộ sách 10 vạn câu hỏi vì sao Khoa học trái đất
vv
Đã lưu trong:
| Tác giả chính: | |
|---|---|
| Định dạng: | Sách |
| Năm xuất bản: |
H.
Khoa học kỹ thuật
1996
|
| Chủ đề: | |
| Tags: |
Thêm thẻ
Không có thẻ, Hãy là người đầu tiên gắn thẻ bản ghi này!
|
| LEADER | 00587nam a2200157 4500 | ||
|---|---|---|---|
| 082 | |a 550 |b B450s | ||
| 100 | |a Dương Quốc Anh | ||
| 245 | |a Bộ sách 10 vạn câu hỏi vì sao |b Khoa học trái đất |c Dương Quốc Anh | ||
| 260 | |a H. |b Khoa học kỹ thuật |c 1996 | ||
| 300 | |a 222tr. |c 19cm | ||
| 520 | |a vv | ||
| 653 | |a Khoa học trái đất | ||
| 653 | |a Hỏi đáp | ||
| 942 | |2 ddc |c SH | ||
| 999 | |c 1333 |d 1333 | ||
| 952 | |0 0 |1 0 |2 ddc |4 0 |6 550_000000000000000_B450S |7 0 |8 500 |9 24807 |a qbu |b qbu |c D3 |d 2014-12-08 |g 11000 |o 550 B450s |p 4548.C1 |r 2016-11-17 |w 2014-12-08 |y SH |0 0 |6 550_000000000000000_B450S | ||